| 000 | 00647cam a22002173a 4500 | ||
|---|---|---|---|
| 001 | 45249 | ||
| 003 | PGUSA | ||
| 005 | 20140828084033.0 | ||
| 008 | 140328s2014||||xxu|||||s|||||000 | eng d | ||
| 040 |
_aPGUSA _beng |
||
| 042 | _adc | ||
| 100 | 1 | _aHotten, John Camden | |
| 245 | 1 | 4 |
_aThe History of Signboards : _bFrom the Earliest Times to the Present Day _h[electronic resource] / _cJohn Camden Hotten |
| 260 |
_bProject Gutenberg, _c2014 |
||
| 506 | _aPublic domain in the USA. | ||
| 516 | _aElectronic text | ||
| 700 | 1 | _aLarwood, J. | |
| 830 | 0 |
_aProject Gutenberg _v45249 |
|
| 856 | 4 | 0 | _uhttp://www.gutenberg.org/ebooks/45249 |
| 942 | _cEB | ||
| 999 |
_c274500 _d274500 |
||